000 00483pam a2200193 a 4500
020 _a0849301726 (alk. paper)
040 _cDLC
082 0 0 _a582 CRC 1993 C148 Or.
100 1 _aMazza, G.,
245 1 0 _aAnthocyanins in fruits, vegetables, and grains /
260 _aBoca Raton :
_bCRC Press,
_cc1993
300 _a362 p. :
_bill. ;
_c25 cm
650 0 _aAnthocyanins
650 0 _aFruit
650 0 _aVegetables
650 0 _aGrain
700 1 0 _aMiniati, E.
942 _cAEDBB
999 _c18582
_d18582